000 00561cam a22002053a 4500
001 45698
003 PGUSA
005 20140828084047.0
008 140519s2014||||xxu|||||s|||||000 | eng d
040 _aPGUSA
_beng
042 _adc
100 1 _aOriani, Alfredo,
_d1852-1909
245 1 0 _aAl di là
_h[electronic resource] /
_cAlfredo Oriani
260 _bProject Gutenberg,
_c2014
506 _aPublic domain in the USA.
516 _aElectronic text
830 0 _aProject Gutenberg
_v45698
856 4 0 _uhttp://www.gutenberg.org/ebooks/45698
942 _cEB
999 _c274948
_d274948